| 000 | nam a22 a 4500 | ||
|---|---|---|---|
| 999 |
_c455506 _d455506 |
||
| 003 | BLK | ||
| 005 | 20220513090516.0 | ||
| 008 | 180408b bul|||||r ||||||| ||bul|| | ||
| 020 | _a9786199193808 | ||
| 040 | _aBLK | ||
| 041 |
_aENG _cENG |
||
| 080 |
_aАнглийска литература _b821.111 _x-97 _z821.111-97 |
||
| 080 |
_aБългарска литература _b821.163.2 _x-97 _z 821.163.2-97 |
||
| 100 |
_91299 _aFound, L. H. _eпърви автор |
||
| 139 | _aFound, L. H. et all | ||
| 245 |
_aThe Trinity story _bB. 1 : In the beginning _cL. H. Found ; co autor Ventsislav Stoykov; ill. Hari Atanasov, Penka Atanasova. |
||
| 257 | _aBGR | ||
| 260 |
_aСофия _bTrinity Publ. House _c2021 _f(Bulgaria) _9474259 |
||
| 300 |
_a253 с. _bс цв. ил. _c24 см |
||
| 380 | _aX | ||
| 700 |
_aStojkov, Vencislav Borislavov _e co-author _9408758 |
||
| 700 |
_aAtanasov, Hari Ivanov _eill. _9130 |
||
| 700 |
_aAtanasova, Penka Zeljazkova _eill. _9130 |
||
| 852 |
_aЦб 312610 _bЦб |
||
| 942 |
_cKNG _n0 _s1 |
||
| 944 |
_aCR _c2022-05-13 _kСТ |
||